[Event "Euskadi-ch"]
[Site "Zornotza"]
[Date "2016.03.28"]
[Round "1"]
[White "Huerga Leache, Mikel"]
[Black "Axpe Balenciaga, Inigo"]
[Result "1-0"]
[WhiteElo "2450"]
[BlackElo "2127"]
[PlyCount "99"]
[EventDate "2016.03.28"]
[EventType "swiss"]
[EventRounds "7"]
[EventCountry "ESP"]
[SourceTitle "EXT 2018"]
[Source "ChessBase"]
[SourceDate "2017.10.13"]
[SourceVersion "1"]
[SourceVersionDate "2017.10.13"]
[SourceQuality "1"]

1. Nf3 d6 2. d4 Bg4 3. c4 g6 4. Qb3 Qc8 5. Nbd2 Bg7 6. h3 Bxf3 7. Nxf3 Nf6 8. g3 0-0 9. Bg2 c6 10. 0-0 Nbd7 11. Qc2 Qc7 12. b3 Rac8 13. Bb2 Rfe8 14. e3 Nf8 15. Rfd1 h6 16. Rac1 N6d7 17. d5 Nf6 18. e4 N8d7 19. Qe2 cxd5 20. exd5 Qa5 21. Nd4 a6 22. Kh2 Qb6 23. f4 Kh7 24. Bf3 Nc5 25. f5 g5 26. h4 g4 27. Bxg4 Nxg4+ 28. Qxg4 Rg8 29. f6 Bxf6 30. Qf5+ Kh8 31. Bc3 Be5 32. Ne2 Bxc3 33. Rxc3 Nd7 34. Nd4 Ne5 35. Kh3 Rcf8 36. c5 Qb4 37. cxd6 Qxd6 38. Qf4 Ng4 39. Qxd6 exd6 40. Rf1 Ne5 41. Rc7 Rc8 42. Rxc8 Rxc8 43. Rf6 Kg7 44. Rxd6 f6 45. Nf5+ Kf7 46. Nxh6+ Kg7 47. Ng4 Rc1 48. Nxe5 fxe5 49. Re6 Re1 50. Kg4 1-0

[Event "Figueres op-A 16th"]
[Site "Figueres"]
[Date "2015.08.17"]
[Round "8"]
[White "Stella, Andrea"]
[Black "Axpe Balenciaga, Inigo"]
[Result "1-0"]
[WhiteElo "2423"]
[BlackElo "2130"]
[PlyCount "50"]
[EventDate "2015.08.11"]
[EventType "swiss"]
[EventRounds "9"]
[EventCountry "ESP"]
[SourceTitle "EXT 2016"]
[Source "ChessBase"]
[SourceDate "2015.10.08"]
[SourceVersion "1"]
[SourceVersionDate "2015.10.08"]
[SourceQuality "1"]

1. Nf3 d6 2. d4 Bg4 3. Nbd2 g6 4. h3 Bxf3 5. Nxf3 Bg7 6. e4 c6 7. Bd3 Nd7 8. 0-0 e5 9. dxe5 dxe5 10. Qe2 Ngf6 11. Rd1 Qc7 12. Be3 0-0 13. c3 Rfd8 14. a4 b6 15. Bc2 Ne8 16. b4 c5 17. Qc4 h6 18. Nh4 Nf8 19. Rxd8 Rxd8 20. bxc5 Rc8 21. Qb3 bxc5 22. Rb1 Qe7 23. Nf3 g5 24. Nh2 Ne6 25. Qb7 Rc7 1-0

[Event "Figueres op-A 16th"]
[Site "Figueres"]
[Date "2015.08.12"]
[Round "2"]
[White "Axpe Balenciaga, Inigo"]
[Black "Aroshidze, Levan"]
[Result "0-1"]
[WhiteElo "2130"]
[BlackElo "2535"]
[PlyCount "64"]
[EventDate "2015.08.11"]
[EventType "swiss"]
[EventRounds "9"]
[EventCountry "ESP"]
[SourceTitle "EXT 2016"]
[Source "ChessBase"]
[SourceDate "2015.10.08"]
[SourceVersion "1"]
[SourceVersionDate "2015.10.08"]
[SourceQuality "1"]

1. d4 Nf6 2. c4 e6 3. Nc3 Bb4 4. Qc2 0-0 5. Nf3 c5 6. dxc5 Na6 7. a3 Bxc3+ 8. Qxc3 Nxc5 9. b4 Nce4 10. Qc2 a5 11. Nd2 Nxf2 12. Kxf2 Ng4+ 13. Kg3 f5 14. Kf3 Ne5+ 15. Ke3 Ng4+ 16. Kf3 Qh4 17. g3 Qh5 18. Qc3 f4 19. Kg2 Ne3+ 20. Kg1 axb4 21. Qd3 b5 22. cxb5 Bb7 23. Nf3 Nxf1 24. Kxf1 Qh3+ 25. Ke1 fxg3 26. Bb2 Rxf3 27. exf3 Qg2 28. Qxd7 Qxh1+ 29. Kd2 Qxh2+ 30. Ke3 Qf2+ 31. Kf4 Rf8+ 32. Kg5 Rf5+ 0-1

[Event "Euskadi-ch"]
[Site "Zornotza"]
[Date "2014.04.26"]
[Round "6"]
[White "Axpe Balenciaga, Inigo"]
[Black "Diaz Herrero, Alvaro"]
[Result "1-0"]
[WhiteElo "2124"]
[BlackElo "2210"]
[PlyCount "123"]
[EventDate "2014.04.21"]
[EventType "swiss"]
[EventRounds "7"]
[EventCountry "ESP"]
[SourceTitle "CBM 160 Extra"]
[Source "ChessBase"]
[SourceDate "2014.07.01"]
[SourceVersion "1"]
[SourceVersionDate "2014.07.01"]
[SourceQuality "1"]

1. d4 Nf6 2. Nf3 g6 3. Nbd2 d5 4. e3 Bg7 5. Bd3 0-0 6. 0-0 c5 7. c3 Nbd7 8. b4 b6 9. bxc5 bxc5 10. Qa4 Qc7 11. Ba3 Bb7 12. Rfc1 c4 13. Bf1 Rfe8 14. Rab1 Bc6 15. Qd1 e5 16. g3 e4 17. Nh4 Nf8 18. Nxc4 dxc4 19. Bxc4 Ne6 20. Be2 Qd7 21. c4 Ng5 22. d5 Ba4 23. Qf1 Nh3+ 24. Kh1 g5 25. Ng2 Qf5 26. f4 exf3 27. Qxf3 Qxf3 28. Bxf3 g4 29. Be2 Ne4 30. Nf4 Nxf4 31. gxf4 Nf2+ 32. Kg2 Rxe3 33. Bxg4 Rxa3 34. Kxf2 Rxa2+ 35. Kg3 Bc2 36. Rb7 Ra3+ 37. Kg2 Rc3 38. Re1 Rxc4 39. Bf3 Bf6 40. d6 Rd4 41. Rc7 Rd2+ 42. Kh3 Rd8 43. Ree7 Bxe7 44. dxe7 Re8 45. Bc6 Rd3+ 46. Kh4 Rc3 47. Bxe8 Rxc7 48. Bd7 Rc8 49. Bxc8 Ba4 50. Kg5 Be8 51. Kf6 a5 52. Bf5 a4 53. Bb1 a3 54. Ba2 h6 55. h4 h5 56. f5 Kh7 57. Bxf7 Bd7 58. Ba2 Be8 59. Kg5 Kh8 60. f6 Bg6 61. f7 Kh7 62. e8Q 1-0

[Event "Euskadi-ch"]
[Site "Zornotza"]
[Date "2014.04.21"]
[Round "1"]
[White "Axpe Balenciaga, Inigo"]
[Black "Barrio Ugidos, Ainhoa"]
[Result "1-0"]
[WhiteElo "2124"]
[BlackElo "1782"]
[PlyCount "83"]
[EventDate "2014.04.21"]
[EventType "swiss"]
[EventRounds "7"]
[EventCountry "ESP"]
[SourceTitle "CBM 160 Extra"]
[Source "ChessBase"]
[SourceDate "2014.07.01"]
[SourceVersion "1"]
[SourceVersionDate "2014.07.01"]
[SourceQuality "1"]

1. d4 d5 2. Nf3 Nf6 3. e3 e6 4. Bd3 Nbd7 5. Nbd2 Be7 6. 0-0 c5 7. b3 b6 8. Ne5 Qc7 9. Bb2 0-0 10. f4 Bb7 11. Qf3 c4 12. Nxd7 Qxd7 13. Be2 Rfc8 14. c3 b5 15. Qh3 a5 16. Rac1 Rcb8 17. Rb1 Ba6 18. Bf3 Bb7 19. g4 cxb3 20. axb3 b4 21. g5 Ne4 22. Bxe4 dxe4 23. c4 a4 24. bxa4 Rxa4 25. Rfd1 Qd8 26. Kf2 Ra5 27. Qg4 Bc6 28. h4 b3 29. h5 Bxg5 30. d5 exd5 31. Qxg5 f6 32. Qg4 Bd7 33. Qe2 f5 34. Rh1 Rb7 35. h6 g6 36. Nf1 Rc5 37. Qd2 Be6 38. Qd4 Rc8 39. Qh8+ Kf7 40. Qxh7+ Ke8 41. Qxb7 Rxc4 42. h7 1-0

[Event "Euskadi-ch"]
[Site "Zornotza"]
[Date "2013.04.06"]
[Round "6"]
[White "Galarza Cenzano, Inigo"]
[Black "Axpe Balenciaga, Inigo"]
[Result "0-1"]
[WhiteElo "2040"]
[BlackElo "2086"]
[PlyCount "120"]
[EventDate "2013.04.01"]
[EventType "swiss"]
[EventRounds "7"]
[EventCountry "ESP"]
[SourceTitle "CBM 153 Extra"]
[Source "ChessBase"]
[SourceDate "2013.04.22"]
[SourceVersion "1"]
[SourceVersionDate "2013.04.22"]
[SourceQuality "1"]

1. e4 g6 2. d4 Bg7 3. Nf3 c6 4. Nc3 d6 5. Be3 Nf6 6. Qd2 Qa5 7. 0-0-0 Ng4 8. Bf4 e5 9. dxe5 dxe5 10. Bg5 f6 11. h3 fxg5 12. hxg4 Bf6 13. Qd6 Be7 14. Qxe5 Qxe5 15. Nxe5 Bf6 16. Nc4 Bxg4 17. f3 Be6 18. e5 Bg7 19. Nd6+ Ke7 20. Bc4 b6 21. Bxe6 Kxe6 22. Nce4 h6 23. Rhe1 Nd7 24. Nc4 Nxe5 25. Ned6 b5 26. Nxe5 Bxe5 27. Nf7 Kxf7 28. Rxe5 Rad8 29. Rh1 Rd5 30. Re4 Rhd8 31. b3 h5 32. Rhe1 R8d7 33. Re6 R5d6 34. R6e5 Rd5 35. Re6 R7d6 36. Re7+ Kf6 37. Rxa7 Rd2 38. g3 Rg2 39. Ree7 Rxg3 40. Rf7+ Ke5 41. Rae7+ Re6 42. Rd7 Rf6 43. Rxf6 Kxf6 44. a4 bxa4 45. bxa4 Rxf3 46. Kb2 h4 47. a5 Rf5 48. a6 Rb5+ 49. Kc3 Rb6 50. a7 Ra6 51. Kd3 Kf5 52. Ke3 Kg4 53. Kf2 Ra2 54. Kg1 h3 55. Rd4+ Kg3 56. Rd3+ Kh4 57. Rd4+ g4 58. Rd7 g5 59. Kf1 g3 60. Rd4+ g4 0-1

[Event "Euskadi-ch"]
[Site "Zornotza"]
[Date "2013.04.05"]
[Round "5"]
[White "Axpe Balenciaga, Inigo"]
[Black "Marchena Hurtado, Javier"]
[Result "1/2-1/2"]
[WhiteElo "2086"]
[BlackElo "2093"]
[PlyCount "71"]
[EventDate "2013.04.01"]
[EventType "swiss"]
[EventRounds "7"]
[EventCountry "ESP"]
[SourceTitle "CBM 153 Extra"]
[Source "ChessBase"]
[SourceDate "2013.04.22"]
[SourceVersion "1"]
[SourceVersionDate "2013.04.22"]
[SourceQuality "1"]

1. d4 d5 2. Nf3 Nf6 3. Bg5 Ne4 4. Bf4 c5 5. e3 Nc6 6. Nbd2 Bf5 7. Be2 e6 8. 0-0 Be7 9. Ne5 Nxe5 10. Bxe5 0-0 11. dxc5 Nxc5 12. Nb3 Nxb3 13. axb3 Bf6 14. Bxf6 Qxf6 15. c3 Rfd8 16. Qd4 Qxd4 17. exd4 a5 18. Ra3 b6 19. Rfa1 Rac8 20. Ra4 Bc2 21. Bd1 Bd3 22. f3 Kf8 23. Kf2 Bb5 24. R4a3 Ke7 25. Be2 Bc6 26. b4 axb4 27. cxb4 Ra8 28. Ra7+ Kd6 29. R1a3 Rxa7 30. Rxa7 Rd7 31. Ra3 Bb7 32. Bb5 Bc6 33. Bd3 h6 34. Ra6 Kc7 35. Ra3 Bb7 36. f4 1/2-1/2

[Event "Euskadi-ch"]
[Site "Zornotza"]
[Date "2013.04.01"]
[Round "1"]
[White "Axpe Balenciaga, Inigo"]
[Black "Argandona Riveiro, Inigo"]
[Result "0-1"]
[WhiteElo "2086"]
[BlackElo "2416"]
[PlyCount "120"]
[EventDate "2013.04.01"]
[EventType "swiss"]
[EventRounds "7"]
[EventCountry "ESP"]
[SourceTitle "CBM 153 Extra"]
[Source "ChessBase"]
[SourceDate "2013.04.22"]
[SourceVersion "1"]
[SourceVersionDate "2013.04.22"]
[SourceQuality "1"]

1. d4 g6 2. e4 Bg7 3. Nc3 c6 4. Nf3 d5 5. h3 Nh6 6. Bf4 0-0 7. g4 dxe4 8. Nxe4 f5 9. Bc4+ Kh8 10. Ng3 fxg4 11. Bxh6 gxf3 12. Bxg7+ Kxg7 13. Qd2 Qd6 14. 0-0-0 Qf4 15. Qxf4 Rxf4 16. Rhe1 Kf8 17. Ne4 Nd7 18. Ng5 Nf6 19. Re3 h6 20. Nxf3 Bxh3 21. Ne5 Bf5 22. f3 Rd8 23. c3 Nd5 24. Bxd5 Rxd5 25. Rg1 g5 26. Rh1 c5 27. dxc5 Rh4 28. Rhe1 Rh2 29. R3e2 Rxe2 30. Rxe2 Rxc5 31. Kd2 Kg7 32. Ke1 Kf6 33. Ng4+ Bxg4 34. fxg4 Re5 35. c4 Rc5 36. b3 b5 37. cxb5 Rxb5 38. Kf2 Rb6 39. Kg3 a6 40. Kf3 Rd6 41. Rh2 Kf7 42. Ke4 Rf6 43. Rg2 Ke6 44. Kd4 Kd6 45. Rh2 e6 46. Ke3 Ke5 47. Rh1 Kd5 48. Rd1+ Kc5 49. Rc1+ Kb5 50. Rc4 Rf1 51. a4+ Ka5 52. Rc6 Rb1 53. Kf2 Rb2+ 54. Ke3 Rxb3+ 55. Kd4 Rb4+ 56. Kc5 Rxg4 57. Rxe6 h5 58. Rg6 h4 59. Rh6 Rg3 60. Rh5 h3 0-1

[Event "Euskadi-ch"]
[Site "Zornotza"]
[Date "2011.04.28"]
[Round "7"]
[White "Agirretxe San Sebastian, Jesus Maria"]
[Black "Axpe Balenciaga, Inigo"]
[Result "0-1"]
[WhiteElo "2165"]
[BlackElo "2115"]
[PlyCount "100"]
[EventDate "2011.04.23"]
[EventType "swiss"]
[EventRounds "7"]
[EventCountry "ESP"]
[SourceTitle "EXT 2018"]
[Source "ChessBase"]
[SourceDate "2017.10.13"]
[SourceVersion "1"]
[SourceVersionDate "2017.10.13"]
[SourceQuality "1"]

1. d4 d6 2. Nf3 Bg4 3. Nbd2 g6 4. h3 Bxf3 5. Nxf3 Bg7 6. e3 Nf6 7. b3 0-0 8. Bb2 c6 9. Be2 Nbd7 10. 0-0 Qc7 11. c4 Rfd8 12. Qc2 Rac8 13. Rfd1 Nf8 14. b4 N6d7 15. Rac1 a5 16. a3 axb4 17. axb4 b6 18. Qb3 e5 19. b5 Ra8 20. bxc6 Qxc6 21. Ra1 Rxa1 22. Rxa1 h6 23. Ra6 Qc8 24. Qa2 Ne6 25. Ra7 exd4 26. exd4 Nf4 27. Bf1 Rf8 28. Qa4 Nf6 29. Qb5 Qe6 30. Qxb6 Qf5 31. Qxd6 Ne4 32. Qa3 Rb8 33. Ra8 Rxa8 34. Qxa8+ Bf8 35. Bc1 Nxh3+ 36. gxh3 Qxf3 37. Be3 g5 38. Bg2 Qd1+ 39. Kh2 Nc3 40. f3 Qe1 41. Qe8 Nd1 42. c5 Nxe3 43. Qe4 Qf2 44. f4 gxf4 45. Qf3 Qxg2+ 46. Qxg2+ Nxg2 47. Kxg2 Kg7 48. Kf3 Kf6 49. Kxf4 Ke6 50. h4 Bg7 0-1

[Event "Euskadi-ch"]
[Site "Zornotza"]
[Date "2011.04.26"]
[Round "5"]
[White "Prieto Aranguren, Alain"]
[Black "Axpe Balenciaga, Inigo"]
[Result "1-0"]
[WhiteElo "2219"]
[BlackElo "2115"]
[PlyCount "79"]
[EventDate "2011.04.23"]
[EventType "swiss"]
[EventRounds "7"]
[EventCountry "ESP"]
[SourceTitle "EXT 2018"]
[Source "ChessBase"]
[SourceDate "2017.10.13"]
[SourceVersion "1"]
[SourceVersionDate "2017.10.13"]
[SourceQuality "1"]

1. e4 d5 2. Nc3 d4 3. Nce2 e5 4. d3 Bd6 5. g3 Be6 6. Bg2 Qd7 7. f4 f6 8. c3 c5 9. Nf3 Ne7 10. 0-0 Nbc6 11. cxd4 cxd4 12. a3 h6 13. f5 Bf7 14. b4 g5 15. fxg6 Nxg6 16. Bd2 0-0-0 17. Nh4 Nxh4 18. gxh4 Bh5 19. Qe1 Rdf8 20. Ng3 Bg4 21. Nf5 Ne7 22. Qf2 Rhg8 23. Kh1 Bxf5 24. exf5 h5 25. a4 Rf7 26. b5 Rfg7 27. Be4 Kb8 28. Qf3 Rg4 29. a5 Rxh4 30. Rfc1 Nxf5 31. Rg1 Ne7 32. Qxf6 Rhg4 33. Rxg4 hxg4 34. Be1 Nc8 35. Bg3 Qe7 36. Qh6 Qg7 37. Qe6 Rf8 38. Rc1 Qe7 39. Qd5 Qf7 40. a6 1-0

[Event "Euskadi-ch"]
[Site "Zornotza"]
[Date "2008.03.30"]
[Round "7"]
[White "Sanz Perez, Eduardo"]
[Black "Axpe Balenciaga, Inigo"]
[Result "1/2-1/2"]
[WhiteElo "2161"]
[BlackElo "2167"]
[PlyCount "120"]
[EventDate "2008.03.24"]
[EventType "swiss"]
[EventRounds "7"]
[EventCountry "ESP"]
[SourceTitle "CBM 123 Extra"]
[Source "ChessBase"]
[SourceDate "2008.05.06"]
[SourceVersion "1"]
[SourceVersionDate "2008.05.06"]
[SourceQuality "1"]

1. f4 d6 2. e4 g6 3. Nf3 Bg7 4. g3 c6 5. Bg2 d5 6. e5 Bf5 7. 0-0 h5 8. a4 e6 9. a5 Nd7 10. b4 Bf8 11. Ba3 Be7 12. Nd4 Nh6 13. h3 Qc7 14. Kh1 a6 15. d3 c5 16. bxc5 Bxc5 17. Bxc5 Qxc5 18. Nb3 Qc7 19. Na3 Nc5 20. Nxc5 Qxc5 21. c4 Qd4 22. cxd5 exd5 23. Qb3 Rd8 24. Qxb7 Be6 25. Qxa6 Ng4 26. Qb6 Qxd3 27. Qb5+ Qxb5 28. Nxb5 Ne3 29. Rfc1 Ke7 30. Rc7+ Rd7 31. a6 Ra8 32. a7 Kd8 33. Rc3 Nxg2 34. Kxg2 d4 35. Rc5 d3 36. Kf2 d2 37. Nd6 Rdxa7 38. Rd1 Ra2 39. Rc3 Ke7 40. Rd3 Bxh3 41. R1xd2 Rxd2+ 42. Rxd2 Be6 43. Rc2 Ra3 44. Rc7+ Kf8 45. Ne4 Ra2+ 46. Ke3 Ra3+ 47. Rc3 Rxc3+ 48. Nxc3 Ke7 49. Kd4 Bb3 50. Ne4 Ba2 51. Nf6 Ke6 52. Ne4 Kf5 53. Nf2 h4 54. gxh4 Kxf4 55. Ne4 Kg4 56. Ke3 Kxh4 57. Kf4 Bb3 58. Ng5 Bd5 59. Nh7 Ba2 60. Ng5 Kh5 1/2-1/2

[Event "Euskadi-ch"]
[Site "Zornotza"]
[Date "2008.03.29"]
[Round "6"]
[White "Axpe Balenciaga, Inigo"]
[Black "Villalta Bustillo, Igor"]
[Result "0-1"]
[WhiteElo "2167"]
[BlackElo "2119"]
[PlyCount "62"]
[EventDate "2008.03.24"]
[EventType "swiss"]
[EventRounds "7"]
[EventCountry "ESP"]
[SourceTitle "CBM 123 Extra"]
[Source "ChessBase"]
[SourceDate "2008.05.06"]
[SourceVersion "1"]
[SourceVersionDate "2008.05.06"]
[SourceQuality "1"]

1. d4 d5 2. c4 e6 3. Nc3 Nf6 4. Bg5 Be7 5. Nf3 h6 6. Bf4 c6 7. e3 Nbd7 8. Rc1 a6 9. Bd3 dxc4 10. Bxc4 b5 11. Bb3 Bb7 12. 0-0 0-0 13. a4 b4 14. Ne2 c5 15. Ne5 Nxe5 16. Bxe5 Rc8 17. Nf4 Qb6 18. Qd3 Rfd8 19. Rfd1 Be4 20. Qe2 Nd7 21. dxc5 Bxc5 22. a5 Qb7 23. f3 Bf5 24. g4 Nxe5 25. Rxd8+ Rxd8 26. Kf2 Nd3+ 27. Nxd3 Bxd3 28. Qd2 Be7 29. e4 Bg5 30. f4 Bh4+ 31. Kg1 Qa7+ 0-1

[Event "Euskadi-ch"]
[Site "Zornotza"]
[Date "2008.03.28"]
[Round "5"]
[White "Agirretxe San Sebastian, Jesus Maria"]
[Black "Axpe Balenciaga, Inigo"]
[Result "1-0"]
[WhiteElo "2182"]
[BlackElo "2167"]
[PlyCount "69"]
[EventDate "2008.03.24"]
[EventType "swiss"]
[EventRounds "7"]
[EventCountry "ESP"]
[SourceTitle "CBM 123 Extra"]
[Source "ChessBase"]
[SourceDate "2008.05.06"]
[SourceVersion "1"]
[SourceVersionDate "2008.05.06"]
[SourceQuality "1"]

1. Nf3 d6 2. d4 g6 3. c4 Bg7 4. Nc3 Bg4 5. e3 Nd7 6. Be2 c6 7. h3 Bxf3 8. Bxf3 Ngf6 9. 0-0 0-0 10. b4 Nb6 11. Qb3 d5 12. c5 Nbd7 13. b5 e5 14. Bd2 exd4 15. exd4 Ne4 16. Bxe4 dxe4 17. bxc6 bxc6 18. Qa4 Nxc5 19. dxc5 Qxd2 20. Nxe4 Qf4 21. Rae1 Rae8 22. Qxc6 Re5 23. Ng3 Rxe1 24. Rxe1 Bd4 25. Ne4 Rd8 26. Qb7 Be5 27. g3 Qf3 28. Qe7 Rd1 29. Qe8+ Kg7 30. Qxe5+ Kh6 31. Rxd1 Qxd1+ 32. Kh2 Qc2 33. Qf4+ Kg7 34. Qf6+ Kh6 35. Ng5 1-0

[Event "Euskadi-ch"]
[Site "Amorebieta"]
[Date "2006.04.23"]
[Round "7"]
[White "Axpe Balenciaga, Inigo"]
[Black "Navarro Cia, Miguel"]
[Result "0-1"]
[WhiteElo "2038"]
[BlackElo "2350"]
[PlyCount "86"]
[EventDate "2006.04.18"]
[EventType "swiss"]
[EventRounds "7"]
[EventCountry "ESP"]
[SourceTitle "CBM 111 Extra"]
[Source "ChessBase"]
[SourceDate "2006.05.09"]
[SourceVersion "1"]
[SourceVersionDate "2006.05.09"]
[SourceQuality "1"]

1. d4 f5 2. c4 Nf6 3. Nc3 d6 4. g3 g6 5. Bg2 Bg7 6. Nh3 0-0 7. Nf4 Na6 8. 0-0 e5 9. dxe5 dxe5 10. Nd3 e4 11. Nf4 c6 12. h4 Ng4 13. Qb3 Qe7 14. Na4 Rd8 15. Rd1 Rxd1+ 16. Qxd1 Ne5 17. Qb3 Qf7 18. c5 Qxb3 19. axb3 Kf7 20. Be3 Ng4 21. Rd1 Nxe3 22. fxe3 h5 23. Rd6 Be5 24. Rd8 Rb8 25. Kf2 Be6 26. Nxe6 Kxe6 27. Rd2 Bc7 28. Nc3 Rd8 29. Rd4 Nxc5 30. b4 Nb3 31. Rc4 Nd2 32. Rd4 Bb6 33. Rxd8 Bxd8 34. Ke1 Nc4 35. Nxe4 fxe4 36. Bxe4 Kf6 37. b3 Nxe3 38. Kf2 Nf5 39. Kf3 Bc7 40. b5 Nd4+ 41. Kg2 Nxb5 42. e3 Nd6 43. Bf3 Nf5 0-1

[Event "Euskadi-ch"]
[Site "Amorebieta"]
[Date "2006.04.19"]
[Round "3"]
[White "Diez Fraile, David"]
[Black "Axpe Balenciaga, Inigo"]
[Result "1-0"]
[WhiteElo "2212"]
[BlackElo "2038"]
[PlyCount "69"]
[EventDate "2006.04.18"]
[EventType "swiss"]
[EventRounds "7"]
[EventCountry "ESP"]
[SourceTitle "CBM 111 Extra"]
[Source "ChessBase"]
[SourceDate "2006.05.09"]
[SourceVersion "1"]
[SourceVersionDate "2006.05.09"]
[SourceQuality "1"]

1. e4 c6 2. d4 g6 3. Nc3 Bg7 4. Bc4 e6 5. Nf3 d5 6. Bb3 Nf6 7. e5 Nfd7 8. Ne2 c5 9. c3 Nc6 10. 0-0 b6 11. Nf4 Ba6 12. Re1 c4 13. Bc2 Qc7 14. Ng5 Nf8 15. b3 0-0-0 16. Ba3 Nxe5 17. dxe5 Bxe5 18. Ne2 Bxh2+ 19. Kh1 h6 20. Nxf7 Qxf7 21. Kxh2 Qxf2 22. Qd4 Qxd4 23. Nxd4 Re8 24. bxc4 e5 25. cxd5 Nd7 26. Ne6 Bc4 27. Bb3 Bxb3 28. axb3 Nf6 29. c4 Kd7 30. Bb2 a5 31. Kg3 Nh5+ 32. Kh3 g5 33. Bxe5 Rhg8 34. g3 Rg6 35. Rf1 1-0